[Event "FRA-chT1B 0809"]
[Site "France"]
[Date "2008.11.23"]
[Round "3.6"]
[White "Migne, Christophe"]
[Black "Lohou, Stephane"]
[Result "1/2-1/2"]
[WhiteElo "1975"]
[BlackElo "2132"]
[PlyCount "81"]
[EventDate "2008.10.19"]
[EventType "team-tourn"]
[EventRounds "11"]
[EventCountry "FRA"]
[SourceTitle "EXT 2010"]
[Source "ChessBase"]
[SourceDate "2010.11.25"]
[SourceVersion "1"]
[SourceVersionDate "2010.11.25"]
[SourceQuality "1"]
[WhiteTeam "Niort"]
[BlackTeam "Vincennes"]
[WhiteTeamCountry "FRA"]
[BlackTeamCountry "FRA"]

1. e4 c5 2. d4 cxd4 3. c3 dxc3 4. Nxc3 Nc6 5. Nf3 d6 6. Bc4 e6 7. 0-0 Be7 8. Qe2 Nf6 9. Rd1 e5 10. h3 0-0 11. b4 Bd7 12. a3 h6 13. Be3 Rc8 14. Rac1 Ne8 15. Ba2 b6 16. Nb5 Be6 17. Rxc6 Rxc6 18. Nxe5 Rc7 19. Nxc7 Qxc7 20. Rc1 Qb7 21. Ng6 fxg6 22. Bxe6+ Kh7 23. Qc4 Bf6 24. Rc2 Qe7 25. Bd5 Be5 26. Bd4 Nf6 27. Be3 Nxd5 28. Qxd5 Re8 29. f3 Qh4 30. Kf1 Qe7 31. Qc6 Qe6 32. Qc4 Qf6 33. a4 Bf4 34. Bxf4 Qxf4 35. Kg1 Re5 36. Qd3 Rg5 37. Rd2 Qg3 38. Kh1 Qe1+ 39. Kh2 Qg3+ 40. Kh1 Qe1+ 41. Kh2 1/2-1/2

[Event "Niort op-A"]
[Site "Niort"]
[Date "2002.09.29"]
[Round "4"]
[White "Lemonnier, Remi"]
[Black "Migne, Christophe"]
[Result "1-0"]
[WhiteElo "1950"]
[BlackElo "1990"]
[PlyCount "82"]
[EventDate "2002.09.??"]
[EventType "swiss"]
[EventRounds "6"]
[EventCountry "FRA"]
[SourceTitle "EXT 2004"]
[Source "ChessBase"]
[SourceDate "2003.11.25"]
[SourceVersion "1"]
[SourceVersionDate "2003.11.25"]
[SourceQuality "1"]

1. e4 e5 2. Nf3 f5 3. Nxe5 Qf6 4. d4 d6 5. Nf3 fxe4 6. Qe2 Qe7 7. Ng5 Nf6 8. Nc3 d5 9. Bd2 Nc6 10. Be3 Bf5 11. Qb5 Qd7 12. f3 exf3 13. Nxf3 Bxc2 14. Ne5 Nxe5 15. dxe5 Ng4 16. Qxb7 Rc8 17. Bxa7 c6 18. Qxd7+ Kxd7 19. g3 Bb4 20. Bh3 h5 21. Kd2 Bg6 22. a3 Bxc3+ 23. Kxc3 c5 24. Rac1 Ra8 25. Bxc5 Kc6 26. Kd2 Ra4 27. Bb4+ Kb7 28. Bxg4 hxg4 29. Rc5 Be4 30. Rf1 Rxh2+ 31. Kc1 Bf3 32. e6 Ra8 33. e7 Re8 34. Rc2 Rh3 35. Bd6 Rh6 36. Bf4 Re6 37. Rc7+ Kb6 38. Kb1 R6xe7 39. Rxe7 Rxe7 40. Kc2 Kc5 41. Bd2 Kc4 1-0

[Event "Niort op-A"]
[Site "Niort"]
[Date "2002.09.29"]
[Round "5"]
[White "Migne, Christophe"]
[Black "Mace, Emmanuel"]
[Result "0-1"]
[WhiteElo "1990"]
[BlackElo "1790"]
[PlyCount "58"]
[EventDate "2002.09.??"]
[EventType "swiss"]
[EventRounds "6"]
[EventCountry "FRA"]
[SourceTitle "EXT 2004"]
[Source "ChessBase"]
[SourceDate "2003.11.25"]
[SourceVersion "1"]
[SourceVersionDate "2003.11.25"]
[SourceQuality "1"]

1. e4 e5 2. Nc3 Nf6 3. f4 d5 4. fxe5 Nxe4 5. d3 Nxc3 6. bxc3 c5 7. Nf3 Be7 8. Be2 0-0 9. 0-0 Nc6 10. d4 Bf5 11. Be3 Qa5 12. Bd3 Bxd3 13. Qxd3 c4 14. Qd2 Nd8 15. Bg5 Bxg5 16. Nxg5 Ne6 17. Rf3 h6 18. Nh3 Qd8 19. Rg3 Kh8 20. Rf1 f6 21. Re1 fxe5 22. Rxe5 Qf6 23. Rf3 Qg6 24. Qf2 Rxf3 25. Qxf3 Nc7 26. Re7 Nb5 27. Nf4 Qxc2 28. h3 Nxc3 29. Qg3 g5 0-1

[Event "Niort op-A"]
[Site "Niort"]
[Date "2002.09.28"]
[Round "2"]
[White "Egreteau, Eric"]
[Black "Migne, Christophe"]
[Result "1-0"]
[WhiteElo "2069"]
[BlackElo "1990"]
[PlyCount "101"]
[EventDate "2002.09.??"]
[EventType "swiss"]
[EventRounds "6"]
[EventCountry "FRA"]
[SourceTitle "EXT 2004"]
[Source "ChessBase"]
[SourceDate "2003.11.25"]
[SourceVersion "1"]
[SourceVersionDate "2003.11.25"]
[SourceQuality "1"]

1. d3 e5 2. e4 Nc6 3. Nf3 Nf6 4. c3 d5 5. Nbd2 dxe4 6. dxe4 Bc5 7. Be2 0-0 8. h3 a6 9. Qc2 h6 10. g4 Nh7 11. Nf1 Be6 12. Ng3 f6 13. Nh4 Ne7 14. Rh2 Qd7 15. Bd2 Qc6 16. Ngf5 Ng5 17. Nxe7+ Bxe7 18. Ng6 Rfe8 19. Bxg5 hxg5 20. h4 gxh4 21. Nxh4 g5 22. Nf5 Bxf5 23. gxf5 Kg7 24. 0-0-0 Rh8 25. Rdh1 Rxh2 26. Rxh2 Rh8 27. Rxh8 Kxh8 28. Qd3 Kg7 29. Bd1 Bc5 30. Bb3 Qe8 31. Qf3 b5 32. a3 a5 33. Qe2 b4 34. Qc4 Bxf2 35. Qxc7+ Kh6 36. Qxa5 bxa3 37. Qxa3 g4 38. Qd6 Be3+ 39. Kb1 Kg5 40. Qd3 Kf4 41. Qf1+ Kg5 42. Qe2 Bf4 43. Bd1 Qh5 44. b4 Qh3 45. Kb2 Qh2 46. Kb3 Qh4 47. b5 Bh2 48. b6 g3 49. Kc4 g2 50. Qxg2+ Kh6 51. Qg6# 1-0

[Event "FRA-chT4 0001"]
[Site "Niort"]
[Date "2001.02.04"]
[Round "6"]
[White "Bourges, Jerome"]
[Black "Migne, Christophe"]
[Result "0-1"]
[WhiteElo "1920"]
[BlackElo "2040"]
[PlyCount "58"]
[EventDate "2000.10.15"]
[EventType "team"]
[EventRounds "7"]
[EventCountry "FRA"]
[SourceTitle "EXT 2007"]
[Source "ChessBase"]
[SourceDate "2006.11.23"]
[SourceVersion "1"]
[SourceVersionDate "2006.11.23"]
[SourceQuality "1"]

1. e4 e5 2. Nf3 f5 3. exf5 e4 4. Ne5 Nf6 5. Be2 Bc5 6. d4 exd3 7. Nxd3 Bb6 8. c4 d6 9. g4 Qe7 10. Rg1 h5 11. g5 Ng4 12. h3 Ne5 13. Kd2 Bxf5 14. Bxh5+ g6 15. Nxe5 dxe5 16. Bf3 Nc6 17. Nc3 0-0-0+ 18. Nd5 Qb4+ 19. Ke2 Qxc4+ 20. Ke1 Ba5+ 21. Bd2 e4 22. Bxa5 Rxd5 23. Qe2 Qxe2+ 24. Bxe2 Rxa5 25. Bg4 Nb4 26. Ke2 Nd3 27. Bxf5+ Rxf5 28. Ke3 Nxf2 29. Rg3 Rd8 0-1

[Event "FRA-chT4 0001"]
[Site "Niort"]
[Date "2000.??.??"]
[Round "4"]
[White "Migne, Christophe"]
[Black "Mace, Emmanuel"]
[Result "1-0"]
[WhiteElo "2040"]
[BlackElo "1950"]
[PlyCount "101"]
[EventDate "2000.10.15"]
[EventType "team"]
[EventRounds "7"]
[EventCountry "FRA"]
[SourceTitle "EXT 2007"]
[Source "ChessBase"]
[SourceDate "2006.11.23"]
[SourceVersion "1"]
[SourceVersionDate "2006.11.23"]
[SourceQuality "1"]

1. e4 d5 2. Nc3 dxe4 3. Nxe4 Qd5 4. Qf3 Nc6 5. Nc3 Qxf3 6. Nxf3 Bd7 7. Bc4 Nh6 8. 0-0 Nf5 9. Nb5 Rc8 10. c3 a6 11. Na3 e6 12. Nc2 Bd6 13. d4 Nfe7 14. Bg5 f6 15. Bh4 Nf5 16. Rfe1 Nxh4 17. Nxh4 e5 18. Nf3 Kf8 19. Rad1 Bg4 20. Be2 e4 21. Nh4 Bd7 22. g3 g5 23. Ng2 h5 24. h4 Kg7 25. Nce3 Rcf8 26. Nc4 Be7 27. hxg5 fxg5 28. Nd2 Bf5 29. Ne3 Bg6 30. Nd5 Bd8 31. Bf1 Re8 32. Bg2 h4 33. Bxe4 hxg3 34. fxg3 Bh5 35. Bf3 Bf7 36. Ne3 Bg6 37. Ng4 Rxe1+ 38. Rxe1 Re8 39. Ne3 Bf6 40. Nf5+ Kf8 41. Rf1 Nd8 42. Nh6 Kg7 43. Ng4 Be7 44. Ne5 c6 45. Nxg6 Kxg6 46. Re1 Nf7 47. Bg4 c5 48. Bd7 Rd8 49. Rxe7 Kf6 50. Re6+ Kf5 51. Rd6+ 1-0